| 000 | 00710nam a2200217Ia 4500 | ||
|---|---|---|---|
| 003 | GCL | ||
| 008 | 140319s9999 xx 000 0 ara d | ||
| 040 |
_aGCL / _cGCL |
||
| 082 | 0 | 4 |
_a791.438 _bم ب |
| 100 | 1 | _aمنير محمد ابراهيم | |
| 245 | 1 | 0 |
_aبانوراما السينما المصرية: 27 - 80 / _cمنير محمد ابراهيم |
| 700 | 1 | _aمحسن يسرى | |
| 700 | 1 | _aاسكندر جرجس | |
| 700 | 1 | _aمحمود الامين عبدالحليم | |
| 300 | _a205 ص | ||
| 490 |
_aالهيئة العامة للاستعلامات _v0 |
||
| 650 | 0 | 4 | _aالافلام السينمائية |
| 650 | 0 | 4 | _aالسينما |
| 650 | 0 | 4 | _aالسينما - مصر |
| 942 |
_2ddc _cBK |
||
| 999 |
_c49954 _d49954 |
||